000 00241nam a2200097Ia 4500
001 653811
005 20250826154505.0
008 250824s9999 xx 000 0 und d
245 0 _aHIZLI TOSBİ
_cİSMET BERTAN
260 _bGÜNIŞIĞI YAYINLARI
999 _c653811
_d653811